MARC

LEADER 00000nam0a2200000 4500
001 374159
005 20231101051028.0
035 |a (RuTPU)RU\TPU\retro\31593 
035 |a RU\TPU\book\225648 
090 |a 374159 
100 |a 20221219d1947 km y0rusy50 ca 
101 0 |a rus 
102 |a RU 
105 |a a z 001zy 
200 1 |a Часовые механизмы: Теория, расчет и проектирование  |f З. М. Аксельрод 
210 |a Москва  |c Государственное научно-техническое издательство машиностроительной литературы  |d 1947  |a Ленинград 
215 |a 359 с.  |c ил. 
320 |a Библиогр.: с. 354-355. 
610 1 |a точная механика 
610 1 |a часы 
610 1 |a часовые механизмы 
610 1 |a часовое производство 
610 1 |a теория 
610 1 |a расчеты 
610 1 |a проектирование 
675 |a 681.11  |v 3 
700 1 |a Аксельрод  |b З. М. 
801 1 |a RU  |b 63413507  |c 20120118 
801 2 |a RU  |b 63413507  |c 20221219  |g RCR 
942 |c BK